| 000 | 00815cam a2200265K 4500 | ||
|---|---|---|---|
| 001 | 86014 | ||
| 005 | 20230410130935.0 | ||
| 008 | 090131s1966 nyu s 000 1 eng d | ||
| 035 | _a(OCoLC)ocn300696142 | ||
| 040 |
_aOCLCE _beng _cOCLCE |
||
| 035 | _a(OCoLC)300696142 | ||
| 041 | 1 |
_aeng _hspa |
|
| 049 | _aGRAL | ||
| 050 | 1 | 4 |
_aPQ 8498.32 _bV297t 1966 |
| 100 | 1 |
_aVargas Llosa, Mario, _d1936- |
|
| 245 | 1 | 4 |
_aThe time of the hero / _cMario Vargas Llosa; Translated by Lysander Kemp. |
| 260 |
_aNew York : _bGrove Press, _c[1966] |
||
| 300 |
_a409 p. _c22 cm. |
||
| 500 | _aTranslation of: La ciudad y los perros. | ||
| 650 | 4 | _aLiteratura peruana | |
| 856 | 4 | 0 |
_uhttp://books.google.com/books?id=l2JfAAAAMAAJ _zGoogle Book Search Library Project |
| 942 |
_2lcc _cbk |
||
| 994 |
_aC0 _bDRFGD |
||
| 946 | _ash | ||
| 999 |
_c83167 _d83167 |
||